| 000 | 00400nam a22001577a 4500 | ||
|---|---|---|---|
| 020 | _a0 09 126180 5 | ||
| 082 | _a618.97 HAZ | ||
| 100 | _aHazell, K. | ||
| 245 | _aSocial & medical problems of the elderly | ||
| 250 | _a4th ed | ||
| 260 |
_alondon _bhutchinson _c1976 |
||
| 300 |
_a328p. _bill; 23cm. |
||
| 500 | _ainclude index | ||
| 650 | _asocial & medical problems of the elderly | ||
| 942 | _cBK | ||
| 999 |
_c18423 _d18423 |
||